<?xml version="1.0" encoding="UTF-8"?>
<record
    xmlns:xsi="http://www.w3.org/2001/XMLSchema-instance"
    xsi:schemaLocation="http://www.loc.gov/MARC21/slim http://www.loc.gov/standards/marcxml/schema/MARC21slim.xsd"
    xmlns="http://www.loc.gov/MARC21/slim">

  <leader>00633nam a22001577a 4500</leader>
  <controlfield tag="005">20240705110233.0</controlfield>
  <controlfield tag="008">230204b        |||||||| |||| 00| 0 eng d</controlfield>
  <datafield tag="020" ind1=" " ind2=" ">
    <subfield code="a"> </subfield>
  </datafield>
  <datafield tag="041" ind1=" " ind2=" ">
    <subfield code="a">ENG.</subfield>
  </datafield>
  <datafield tag="082" ind1=" " ind2=" ">
    <subfield code="b"> DR. PRIYESH M BHANWARA JAINGUIDED BY</subfield>
  </datafield>
  <datafield tag="100" ind1=" " ind2=" ">
    <subfield code="a">PRASHANT SEN</subfield>
    <subfield code="9">119177</subfield>
  </datafield>
  <datafield tag="245" ind1=" " ind2=" ">
    <subfield code="a">A COMPARATIVE STUDY TO ASSESS THE EFFICACY OF STRUCTURED TEACHING PROGRAMME ON KNOWLEDGE AND PRATICE REGARDING HARMFUL EFFECTS OF JUNK FOOD ON HEALTH AMONG ADOLENCENTS FROM SELECTED URBAN AND RURAL SCHOOLS OF RAJATHAN (P.HD)</subfield>
  </datafield>
  <datafield tag="260" ind1=" " ind2=" ">
    <subfield code="a">RAJASTHAN</subfield>
    <subfield code="b">SHRI JAGDISHPRASAD JHABARMAL TIBREWALA UNIVERSITY</subfield>
    <subfield code="c">2022</subfield>
  </datafield>
  <datafield tag="300" ind1=" " ind2=" ">
    <subfield code="a">380 P.</subfield>
  </datafield>
  <datafield tag="942" ind1=" " ind2=" ">
    <subfield code="c">PH</subfield>
  </datafield>
  <datafield tag="999" ind1=" " ind2=" ">
    <subfield code="c">97460</subfield>
    <subfield code="d">97460</subfield>
  </datafield>
  <datafield tag="952" ind1=" " ind2=" ">
    <subfield code="0">0</subfield>
    <subfield code="1">0</subfield>
    <subfield code="2">ddc</subfield>
    <subfield code="4">0</subfield>
    <subfield code="7">0</subfield>
    <subfield code="a">SNCN</subfield>
    <subfield code="b">SNCN</subfield>
    <subfield code="d">2023-02-04</subfield>
    <subfield code="l">1</subfield>
    <subfield code="o"> DR. PRIYESH M BHANWARA JAINGUIDED BY</subfield>
    <subfield code="p">SNCN-DN-132</subfield>
    <subfield code="r">2026-01-30 08:21:51</subfield>
    <subfield code="s">2026-01-30</subfield>
    <subfield code="w">2023-02-04</subfield>
    <subfield code="y">DN</subfield>
  </datafield>
</record>
